[Event "Barcelona Amateurs"]
[Site "Barcelona"]
[Date "2020.07.14"]
[Round "4.3"]
[White "Gallego Montes, Antonio"]
[Black "Pera Muntasell, Marc"]
[Result "1-0"]
[WhiteElo "2073"]
[BlackElo "2109"]
[PlyCount "68"]
[EventDate "2020.07.11"]
[EventType "tourn"]
[EventRounds "9"]
[EventCountry "ESP"]
[SourceTitle "EXT 2024"]
[Source "ChessBase"]
[SourceDate "2023.10.10"]
[SourceVersion "1"]
[SourceVersionDate "2023.10.10"]
[SourceQuality "1"]

1. e4 c5 2. Nf3 d6 3. c3 Nf6 4. Be2 Nc6 5. d4 cxd4 6. cxd4 e6 7. Nc3 d5 8. e5 Ne4 9. a3 Be7 10. 0-0 0-0 11. Bd3 Nxc3 12. bxc3 f5 13. exf6 gxf6 14. Re1 Bd6 15. Bc2 Qc7 16. g3 Na5 17. Nh4 Rf7 18. Qg4+ Rg7 19. Qf3 Bd7 20. Bh6 Rf7 21. Qg4+ Kh8 22. Qh5 Bc8 23. Bxh7 Kxh7 24. Bf4+ Kg8 25. Qg6+ Kf8 26. Bh6+ Ke8 27. Qg8+ Bf8 28. Ng6 Qd6 29. Bf4 Qd7 30. Re3 Nc6 31. Rae1 Ne7 32. Nxe7 Qxe7 33. Bh6 Bd7 34. Bxf8 Rxf8 1-0

[Event "ESP-ch U18"]
[Site "Salobrena"]
[Date "2019.07.25"]
[Round "6"]
[White "Villacorta Nicolas, David"]
[Black "Pera Muntasell, Marc"]
[Result "1/2-1/2"]
[WhiteElo "2039"]
[BlackElo "1849"]
[PlyCount "90"]
[EventDate "2019.07.22"]
[EventType "swiss"]
[EventRounds "9"]
[EventCountry "ESP"]
[SourceTitle "CBM 191 Extra"]
[Source "ChessBase"]
[SourceDate "2019.09.30"]
[SourceVersion "1"]
[SourceVersionDate "2019.09.30"]
[SourceQuality "1"]

1. e4 c5 2. Nf3 e6 3. d4 cxd4 4. Nxd4 Nc6 5. Nc3 Qc7 6. Be3 a6 7. Qd2 b5 8. Nxc6 dxc6 9. e5 Qxe5 10. 0-0-0 Qc7 11. Bf4 Qd7 12. Qe2 Qa7 13. g3 Nf6 14. Bg2 Bd7 15. Be5 Be7 16. Bxf6 Bxf6 17. Ne4 Be7 18. Nd6+ Bxd6 19. Rxd6 0-0 20. Rhd1 Be8 21. Qe3 Qxe3+ 22. fxe3 e5 23. Bxc6 Bxc6 24. Rxc6 Rfc8 25. Rxc8+ Rxc8 26. Rd6 Ra8 27. Kd2 Kf8 28. Rb6 Ke7 29. c3 Rd8+ 30. Kc2 Rd6 31. Rxd6 Kxd6 32. Kd3 f5 33. h4 g6 34. c4 Kc5 35. cxb5 Kxb5 36. Kc3 h6 37. b3 a5 38. a3 g5 39. hxg5 hxg5 40. Kd3 Kc5 41. Ke2 Kd5 42. Kd3 f4 43. exf4 exf4 44. gxf4 gxf4 45. Ke2 Kd4 1/2-1/2

[Event "ESP-ch U18"]
[Site "Salobrena"]
[Date "2019.07.22"]
[Round "1"]
[White "Pera Muntasell, Marc"]
[Black "Munoz Pelaez, Manuel"]
[Result "0-1"]
[WhiteElo "1849"]
[BlackElo "2285"]
[PlyCount "136"]
[EventDate "2019.07.22"]
[EventType "swiss"]
[EventRounds "9"]
[EventCountry "ESP"]
[SourceTitle "CBM 191 Extra"]
[Source "ChessBase"]
[SourceDate "2019.09.30"]
[SourceVersion "1"]
[SourceVersionDate "2019.09.30"]
[SourceQuality "1"]

1. e4 c5 2. Nf3 e6 3. d4 cxd4 4. Nxd4 a6 5. Nc3 b5 6. a3 Bb7 7. Be2 Qc7 8. 0-0 Nf6 9. Qd3 d6 10. f4 Nbd7 11. Bf3 Be7 12. Qe2 Nb6 13. e5 dxe5 14. Bxb7 Qxb7 15. Qxe5 Nc4 16. Qe1 Bc5 17. Nce2 Qe4 18. c3 0-0 19. Kh1 Rfd8 20. Qg3 Rd7 21. b3 Nd6 22. Bb2 Nf5 23. Qf3 Bxd4 24. Nxd4 Nxd4 25. cxd4 Qxf3 26. Rxf3 Rc8 27. Kg1 Rc2 28. Rc3 Rxc3 29. Bxc3 Rc7 30. Rc1 Ne4 31. Bb2 Rxc1+ 32. Bxc1 Kf8 33. Kf1 Ke7 34. Ke2 Kd6 35. Kd3 Kd5 36. Be3 Nd6 37. Bf2 Nb7 38. a4 bxa4 39. bxa4 Na5 40. Be1 Nc6 41. Bc3 h5 42. Bb2 Nb8 43. Ba3 Nd7 44. a5 Nb8 45. Bb4 Nc6 46. Bc3 g6 47. g3 Nd8 48. Bb4 Nb7 49. Bc3 Nd6 50. Bb4 Nf5 51. Bc3 h4 52. gxh4 Nxh4 53. Be1 Nf3 54. Bc3 Nxh2 55. Bb4 Ng4 56. Bc5 Nh6 57. Bb6 Nf5 58. Bc5 f6 59. Bb6 g5 60. Bd8 g4 61. Bxf6 g3 62. Ke2 Ke4 63. Be5 Nh6 64. Kf1 Kf3 65. Bc7 Nf5 66. Be5 g2+ 67. Kg1 Ng3 68. f5 Ne2+ 0-1

[Event "Barcelona Sant Marti op-B 19th"]
[Site "Barcelona"]
[Date "2017.07.19"]
[Round "7"]
[White "Pera Muntasell, Marc"]
[Black "Anjali, R Sagar"]
[Result "1-0"]
[WhiteElo "1800"]
[BlackElo "1724"]
[PlyCount "93"]
[EventDate "2017.07.13"]
[EventType "swiss"]
[EventRounds "9"]
[EventCountry "ESP"]
[SourceTitle "EXT 2018"]
[Source "ChessBase"]
[SourceDate "2017.10.13"]
[SourceVersion "1"]
[SourceVersionDate "2017.10.13"]
[SourceQuality "1"]

1. e4 e5 2. Nf3 Nc6 3. Bc4 Bc5 4. c3 Nf6 5. d4 exd4 6. cxd4 Bb4+ 7. Bd2 Bxd2+ 8. Nbxd2 d5 9. exd5 Nxd5 10. Qb3 Nce7 11. 0-0 0-0 12. Rfe1 c6 13. Ne4 Qb6 14. Qa3 Bg4 15. Ne5 Be6 16. Nc5 Rad8 17. Nxe6 fxe6 18. Rad1 Nf5 19. Nf3 Rf6 20. h3 Nd6 21. Bb3 Kh8 22. Ng5 Nb5 23. Qa4 Nbc7 24. Qc4 h6 25. Ne4 Rg6 26. Kh2 Nb5 27. Nc5 Qc7+ 28. g3 Qf7 29. Qe2 Nf4 30. gxf4 Qxf4+ 31. Kh1 Nxd4 32. Qe3 Qf5 33. Nxe6 Nxe6 34. Rxd8+ Nf8 35. Rxf8+ Qxf8 36. Qe8 Rf6 37. Qxf8+ Rxf8 38. Kg2 a5 39. Re7 Rb8 40. Kg3 c5 41. Rc7 b6 42. h4 Rf8 43. h5 Kh7 44. Bc2+ Kg8 45. Bb3+ Kh8 46. f4 Rb8 47. Kf3 1-0

[Event "Montcada op-B 25th"]
[Site "Montcada"]
[Date "2017.07.01"]
[Round "7"]
[White "Pera Muntasell, Marc"]
[Black "Valarezo Ricard, Pedro"]
[Result "1/2-1/2"]
[WhiteElo "1702"]
[BlackElo "1869"]
[PlyCount "80"]
[EventDate "2017.06.26"]
[EventType "swiss"]
[EventRounds "9"]
[EventCountry "ESP"]
[SourceTitle "EXT 2018"]
[Source "ChessBase"]
[SourceDate "2017.10.13"]
[SourceVersion "1"]
[SourceVersionDate "2017.10.13"]
[SourceQuality "1"]

1. e4 d5 2. exd5 Qxd5 3. Nc3 Qd6 4. d4 Nf6 5. Nf3 c6 6. Be3 Bg4 7. h3 Bf5 8. Bd3 Bxd3 9. Qxd3 e6 10. 0-0 Nbd7 11. Ne2 Qc7 12. Bf4 Bd6 13. Bxd6 Qxd6 14. Rad1 0-0 15. Rfe1 Rad8 16. c4 Qb4 17. Qc2 Nb8 18. b3 h6 19. Nc3 Rfe8 20. Ne4 Nbd7 21. Re2 Nxe4 22. Qxe4 Nf6 23. Qc2 a5 24. Ree1 Ra8 25. Ra1 a4 26. Reb1 a3 27. Rc1 Red8 28. Rd1 Qd6 29. Qe2 Qf4 30. Qe5 Qe4 31. Qxe4 Nxe4 32. Re1 Ng5 33. Nxg5 hxg5 34. Rad1 Kh7 35. g4 Ra5 36. Kg2 Kg6 37. Kf3 b5 38. Re5 Rda8 39. Rc5 bxc4 40. Rxc6 R5a6 1/2-1/2

[Event "Montcada op-B 25th"]
[Site "Montcada"]
[Date "2017.07.01"]
[Round "6"]
[White "Sumit, Kumar1111"]
[Black "Pera Muntasell, Marc"]
[Result "1-0"]
[WhiteElo "1975"]
[BlackElo "1702"]
[PlyCount "65"]
[EventDate "2017.06.26"]
[EventType "swiss"]
[EventRounds "9"]
[EventCountry "ESP"]
[SourceTitle "EXT 2018"]
[Source "ChessBase"]
[SourceDate "2017.10.13"]
[SourceVersion "1"]
[SourceVersionDate "2017.10.13"]
[SourceQuality "1"]

1. e4 c5 2. Nf3 d6 3. d4 cxd4 4. Nxd4 Nf6 5. f3 Nc6 6. c4 Qb6 7. Nc2 e6 8. Nc3 a6 9. Rb1 Qc7 10. Be3 Rb8 11. Qd2 Bd7 12. b3 Be7 13. Be2 0-0 14. 0-0 Rfc8 15. Rfc1 Ne5 16. Nd4 Bc6 17. b4 Be8 18. a3 Qd7 19. Qa2 Qc7 20. Nb3 b6 21. Bf1 Qa7 22. Nd4 Bd7 23. h3 Nc6 24. Qf2 Ne5 25. Qa2 Rb7 26. f4 Nc6 27. Nf3 Qb8 28. c5 bxc5 29. Bxa6 Nxb4 30. axb4 Ra7 31. Qe2 Rc6 32. bxc5 Qa8 33. Bb5 1-0

[Event "Barcelona Sant Marti op-B 17th"]
[Site "Barcelona"]
[Date "2015.07.19"]
[Round "7"]
[White "Martinez Talavera, Jordi"]
[Black "Pera Muntasell, Marc"]
[Result "1-0"]
[WhiteElo "2008"]
[BlackElo "1958"]
[PlyCount "99"]
[EventDate "2015.07.13"]
[EventType "swiss"]
[EventRounds "9"]
[EventCountry "ESP"]
[SourceTitle "EXT 2016"]
[Source "ChessBase"]
[SourceDate "2015.10.08"]
[SourceVersion "1"]
[SourceVersionDate "2015.10.08"]
[SourceQuality "1"]

1. d4 d5 2. Nf3 Nf6 3. Bf4 e6 4. e3 h6 5. Nbd2 Bd6 6. Ne5 0-0 7. Bd3 b6 8. h3 Bb7 9. Qf3 Nbd7 10. 0-0 Qe7 11. a4 a6 12. c3 c5 13. b3 Rfc8 14. Rfc1 Rc7 15. Be2 Bxe5 16. dxe5 Ne4 17. Nxe4 dxe4 18. Qg4 Kh8 19. Rd1 f6 20. Qh4 Rc6 21. Rd2 Rd8 22. Rad1 Rcc8 23. c4 Kg8 24. Qg3 Kh8 25. Qg6 Nxe5 26. Rxd8+ Rxd8 27. Rxd8+ Qxd8 28. Bxe5 fxe5 29. Qxe6 Qd2 30. Bh5 Qd8 31. Qxe5 Kh7 32. Qf5+ Kg8 33. Qe6+ Kh8 34. Bg6 Ba8 35. Kh2 Qc7+ 36. g3 Qd8 37. Bf5 Qg8 38. Qxb6 Qf8 39. Qg6 Kg8 40. Kg2 Bb7 41. Bxe4 Bxe4+ 42. Qxe4 Qb8 43. Qd3 Kh8 44. e4 Qb7 45. a5 Qb4 46. e5 Qxa5 47. e6 Qe1 48. Qe3 Qxe3 49. fxe3 Kg8 50. Kf3 1-0